Statistiques concernant Départements Limitrophes de L'Yonne

Cliquez ici pour prendre le quiz!

Statistiques générales

  • Ce quiz a été pris 37 fois
  • Le résultat moyen est 5 sur 5

Statistiques - réponses

Départements% Correct
Côte-d'Or
100%
Nièvre
100%
Aube
92%
Seine-et-Marne
92%
Loiret
89%

Distribution des résultats

Percentile par nombre de réponses

% des personnes avec chaque résultat

Votre développement - résultats

Vous n’avez pas pris ce quiz